Theoretical studies on optimum planting season for Hevea planting materials with young sprouts (Record no. 71184)

MARC details
000 -LEADER
fixed length control field 00568nam a2200193Ia 4500
100 ## - MAIN ENTRY--AUTHOR NAME
Personal name Bingzhong Wang
245 #0 - TITLE STATEMENT
Title Theoretical studies on optimum planting season for Hevea planting materials with young sprouts
260 ## - PUBLICATION, DISTRIBUTION, ETC. (IMPRINT)
Name of publisher Chinese Journal of Tropical Crops
Year of publication 1993
300 ## - PHYSICAL DESCRIPTION
Number of Pages 38
650 ## - SUBJECT ADDED ENTRY--TOPICAL TERM
Topical Term Hevea brasiliensis
650 ## - SUBJECT ADDED ENTRY--TOPICAL TERM
Topical Term Osmotic substance
650 ## - SUBJECT ADDED ENTRY--TOPICAL TERM
Topical Term Plant phenology
650 ## - SUBJECT ADDED ENTRY--TOPICAL TERM
Topical Term Sprouts
650 ## - SUBJECT ADDED ENTRY--TOPICAL TERM
Topical Term Water retaining capacity
700 ## - ADDED ENTRY--PERSONAL NAME
Personal name Jianhua Dong
700 ## - ADDED ENTRY--PERSONAL NAME
Personal name Mingzeng Sun
942 ## - ADDED ENTRY ELEMENTS (KOHA)
Koha item type Journals
Holdings
Withdrawn status Lost status Damaged status Not for loan Home library Current library Shelving location Date acquired Serial Enumeration / chronology Koha item type
      Journals RRII Library RRII Library Physiology 17/12/2021 Volume 14, Issue 2 Journals